| 000 | nam a22 7a 4500 | ||
|---|---|---|---|
| 999 |
_c332342 _d332342 |
||
| 003 | NUST | ||
| 005 | 20171124144924.0 | ||
| 008 | 171124b xxu||||| |||| 00| 0 eng d | ||
| 020 | _a9780195687828 | ||
| 040 | _c0 | ||
| 082 | _a628.52 BHA | ||
| 100 |
_aBhattacharyya,Bimal C. _96793 |
||
| 245 |
_aEnvironmental Biotechnology _cBimal C.Bhattacharyya |
||
| 260 |
_aNew Delhi _bOxford University press _c2007 |
||
| 300 | _a338p. | ||
| 500 | _aP.B | ||
| 942 |
_2ddc _cBK _kIESE |
||